Получение геля гидроксида алюминия электролизом на переменном токе; Неорганические материалы; Т. 38, № 9

Detalles Bibliográficos
Parent link:Неорганические материалы/ Российская академия наук (РАН), Институт общей и неорганической химии им. Н. С. Курнакова (ИОНХ).— , 1991-
Т. 38, № 9.— 2002.— С. 1087-1090
Otros Autores: Коробочкин В. В. Валерий Васильевич, Косинцев В. И. Виктор Иванович, Быстрицкий Л. Д. Леонид Дмитриевич, Ковалевский Е. П.
Sumario:Экспериментально установлено влияние различных факторов на скорость электрохимического синтеза геля гидроксида алюминия с применением переменного синусоидального тока промышленной частоты. С использованием методов ДТА и РФА изучен фазовый состав формирующегося в результате дегидратации рентгеноаморфного продукта при различных температурах
Lenguaje:ruso
Publicado: 2002
Materias:
Formato: MixedMaterials Capítulo de libro
KOHA link:https://koha.lib.tpu.ru/cgi-bin/koha/opac-detail.pl?biblionumber=507097

MARC

LEADER 00000naa2a2200000 4500
001 507097
005 20231101103351.0
035 |a (RuTPU)RU\TPU\prd\178239 
090 |a 507097 
100 |a 20130521a2002 k y0rusy50 ca 
101 0 |a rus 
102 |a RU 
200 1 |a Получение геля гидроксида алюминия электролизом на переменном токе  |f В. В. Коробочкин [и др.] 
320 |a Библиогр.: 10 назв. 
330 |a Экспериментально установлено влияние различных факторов на скорость электрохимического синтеза геля гидроксида алюминия с применением переменного синусоидального тока промышленной частоты. С использованием методов ДТА и РФА изучен фазовый состав формирующегося в результате дегидратации рентгеноаморфного продукта при различных температурах 
461 1 |0 (RuTPU)RU\TPU\prd\759  |t Неорганические материалы  |f Российская академия наук (РАН), Институт общей и неорганической химии им. Н. С. Курнакова (ИОНХ)  |d 1991- 
463 1 |0 (RuTPU)RU\TPU\prd\114676  |t Т. 38, № 9  |v С. 1087-1090  |d 2002 
610 1 |a труды учёных ТПУ 
701 1 |a Коробочкин  |b В. В.  |c российский химик-технолог  |c профессор Томского политехнического университета, доктор технических наук  |f 1951-  |g Валерий Васильевич  |2 stltpush  |3 (RuTPU)RU\TPU\pers\27915 
701 1 |a Косинцев  |b В. И.  |c российский химик-технолог  |c профессор Томского политехнического университета, доктор технических наук  |f 1939-  |g Виктор Иванович  |2 stltpush  |3 (RuTPU)RU\TPU\pers\21969 
701 1 |a Быстрицкий  |b Л. Д.  |c химик  |c профессор Томского политехнического университета  |f 1951-  |g Леонид Дмитриевич  |2 stltpush  |3 (RuTPU)RU\TPU\pers\28439 
701 1 |a Ковалевский  |b Е. П. 
801 1 |a RU  |b 63413507  |c 20130521 
942 |c BK